000 00273nam a2200109Ia 4500
001 589061
005 20250717120842.0
008 250717s9999 xx 000 0 und d
245 0 _aX-1 ÜÇ GÖZLÜ ÇOCUK
_cAYTÜL AKAL
260 _bUÇANBALIK YAYINLARI
_c2018
300 _b16
999 _c589061
_d589061